MATMAT S2 - LIANTS HYDROCARBURE - Statistiques

Statistiques générales
  • Ce quiz a été pris 56 fois
  • Le résultat moyen est 3 sur 5
Statistiques - réponses
Question Réponse % Correct
À quelle température le goudron devient-il fluide ? 70°C
100%
Quelle est la teneur en bitume des asphaltes naturels ? 7 à 12 %
100%
Quelle est la teneur moyenne en carbone dans les bitumes naturels ? 85 %
100%
Quelle est la composition d’une membrane d’étanchéité bitumineuse ? Couche porteuse + imprégnation + revêtement
100%
Quelle est la principale différence d’usage entre un bitume oxydé et un bitume polymère ? Leur rigidité et résistance mécanique
100%
Quelle est la forme d’un bitume de pétrole ? Variable : mou, demi-mou, dur...
100%
Pourquoi protège-t-on les bandes bitumineuses avec des gravillons ? Pour les protéger des UV
75%
Qu’est-ce que l’asphalte ? Une roche sédimentaire imprégnée de bitume
67%
Quelle est l’origine principale des liants hydrocarbonés ? Sédimentations organiques d’origine océanique
50%
Quelle est l’origine des goudrons utilisés dans la construction ? Distillation de la houille ou pyrolyse du bois résineux
0%
Quelle est la norme européenne relative aux bitumes de pétrole ? EN 12591
0%
Où trouve-t-on des gisements d’asphalte en France ? Gard, Haute-Savoie, Puy-de-Dôme
0%
Quel peuple utilisait déjà le bitume vers 550 av. J.-C. ? Mésopotamiens
0%
À partir de quelle matière première les bitumes de pétrole sont-ils obtenus ? Pétrole brut
0%
Quel est le rôle principal du bitume dans l’étanchéité des bâtiments ? Protection contre l’eau
0%
Aucun quiz correspondant
Distribution des résultats
% des personnes avec chaque résultat
Percentile par nombre de réponses
Votre historique - résultats
Vous n’avez pas pris ce quiz